000 00826nam a22002177a 4500
005 20240530110552.0
008 160217s2013 ua a g 000 0 ara d
017 _a2012/11683
_bمصر . دار الكتب المصرية
020 _a9789774277474
040 _aEG-CaGPL
082 0 4 _221
_a158.2\
_bش ل
100 0 _aشريف عرفة .
245 1 0 _aلماذا من حولك اغبياء ؟ :
_bدليلك الشخصى لخلق تواصل فعال مع من لا يفهمونك /
_cشريف عرفة .
250 _aط3.
260 _aالقاهرة :
_bالدار المصرية اللبنانية ،
_c2013 .
300 _a240 ص ؛
_c22 سم .
650 0 4 _aالتنمية البشرية .
650 0 4 _aالعلاقات الانسانية .
942 _2ddc
_cBK
999 _c62472
_d62472